| 000 | 00552cam a22001814a 4500 | ||
|---|---|---|---|
| 001 | 12797268 | ||
| 005 | 20241214151758.0 | ||
| 008 | 020531s2003 njua b 001 0 eng | ||
| 020 | _a9780130460264 | ||
| 050 | 0 | 0 |
_aQA372 _b.C6416 2003 |
| 082 | 0 | 0 |
_a515/.35 _221 |
| 100 | 1 | _aConrad, Bruce P. | |
| 245 | 1 | 0 |
_aDifferential equations : _ba systems approach / _cBruce P. Conrad. |
| 260 |
_aUpper Saddle River, NJ : _bPrentice Hall, _cc2003. |
||
| 300 |
_a1 v. (various pagings) : _bill. ; _c25 cm. |
||
| 650 | 0 | _aDifferential equations. | |
| 942 |
_2lcc _cBK _n0 |
||
| 999 |
_c2229 _d2229 |
||